000 01218cam a2200313 a 4500
001 12489588
005 20160809150856.0
008 010801s2002 meu b 001 0 eng
010 _a 2001049385
020 _a1571103333 (alk. paper)
040 _aDLC
_cDLC
_dDLC
043 _an-us---
050 0 0 _aLC6631
_b.D36 2002
082 0 0 _a371.39/5
_221
100 1 _aDaniels, Harvey,
_d1947-
245 1 0 _aLiterature circles :
_bvoice and choice in book clubs and reading groups /
_cHarvey Daniels.
250 _a2nd ed.
260 _aPortland, Me. :
_bStenhouse Publishers,
_cc2002.
300 _axii, 260 p. ;
_c25 cm.
504 _aIncludes bibliographical references (p. 250-254) and index.
650 0 _aGroup reading
_zUnited States.
650 0 _aBook clubs (Discussion groups)
_zUnited States.
650 0 _aLiterature
_xStudy and teaching
_xUnited States.
650 0 _aChildren
_xBooks and reading
_zUnited States.
650 0 _aGroup work in education
_zUnited States.
906 _a7
_bcbc
_corignew
_d1
_eocip
_f20
_gy-gencatlg
942 _2lcc
_cBOOKS
_hLC 6631 .D36 2002
999 _c13054
_d13054